| 000 | 00415nam a2200157 i 4500 | ||
|---|---|---|---|
| 001 | 76813 | ||
| 003 | ES-MaACL | ||
| 005 | 20230906172953.0 | ||
| 007 | t| | ||
| 008 | 041005s1920 xxk ||||1| eng d | ||
| 245 | 0 | 2 |
_aA guide to the antiquities of the bronze age / _cBritish Museum. |
| 250 | _a2nd ed. | ||
| 260 |
_aOxford : _bUniversity, _c1920. |
||
| 300 |
_aXII, 187 p. ; _c22 cm. |
||
| 852 |
_aES-MaACL _jF-1860 |
||
| 999 |
_c76813 _d76813 |
||